Sports Quiz

Random Sports or Hockey Quiz

NHL Yearly Top 5 Goalie Wins Since Expansion Quiz Stats

 Plays Quiz not verified by Sporcle

Score 0/265 Timer 15:00
0 Plays Today
Year Goalie % Correct
2016-17Carey Price
98.7%
2009-10Martin Brodeur
98%
2007-08Martin Brodeur
98%
2006-07Martin Brodeur
98%
2005-06Martin Brodeur
98%
2003-04Martin Brodeur
98%
2002-03Martin Brodeur
98%
2001-02Martin Brodeur
98%
2000-01Martin Brodeur
98%
1999-00Martin Brodeur
98%
1998-99Martin Brodeur
98%
1997-98Martin Brodeur
98%
1996-97Martin Brodeur
98%
1995-96Martin Brodeur
98%
1994-95Martin Brodeur
98%
2015-16Marc-Andre Fleury
97.8%
2016-17Tuukka Rask
97.8%
2014-15Carey Price
97.7%
2015-16Roberto Luongo
97.3%
2016-17Braden Holtby
97%
2015-16Henrik Lundqvist
97%
2015-16Jonathan Quick
96.8%
2010-11Roberto Luongo
96.2%
2009-10Roberto Luongo
96.2%
2006-07Roberto Luongo
96.2%
2011-12Marc-Andre Fleury
96.1%
2012-13Marc-Andre Fleury
96.1%
2013-14Marc-Andre Fleury
95.6%
2015-16Braden Holtby
95.5%
2002-03Patrick Roy
95.4%
2000-01Patrick Roy
95.4%
1998-99Patrick Roy
95.4%
1996-97Patrick Roy
95.4%
1995-96Patrick Roy
95.4%
1993-94Patrick Roy
95.4%
1991-92Patrick Roy
95.4%
1989-90Patrick Roy
95.4%
1988-89Patrick Roy
95.4%
2012-13Henrik Lundqvist
95.4%
2006-07Marc-Andre Fleury
95.3%
2011-12Henrik Lundqvist
95.2%
2011-12Mike Smith
94.8%
2011-12Tim Thomas
94.8%
2016-17Sergei Bobrovsky
94.8%
2014-15Pekka Rinne
94.6%
2014-15Braden Holtby
94.6%
2015-16Corey Crawford
94.6%
2008-09Henrik Lundqvist
94.3%
2007-08Henrik Lundqvist
94.3%
2013-14Tuukka Rask
94.2%
2009-10Ryan Miller
94.1%
2006-07Ryan Miller
94.1%
2010-11Carey Price
94.1%
2001-02Dominik Hasek
93.8%
2000-01Dominik Hasek
93.8%
1997-98Dominik Hasek
93.8%
1996-97Dominik Hasek
93.8%
1994-95Dominik Hasek
93.8%
2010-11Cam Ward
93%
2008-09Cam Ward
93%
2007-08Cam Ward
93%
2011-12Jonathan Quick
92.4%
2011-12Pekka Rinne
92.4%
2015-16Ben Bishop
92.2%
2014-15Ben Bishop
91.6%
2011-12Jimmy Howard
91.5%
2011-12Miikka Kiprusoff
91.2%
2010-11Jimmy Howard
91.1%
2010-11Miikka Kiprusoff
90.8%
2008-09Miikka Kiprusoff
90.8%
2007-08Miikka Kiprusoff
90.8%
2006-07Miikka Kiprusoff
90.8%
2005-06Miikka Kiprusoff
90.8%
1998-99Chris Osgood
90.5%
1997-98Chris Osgood
90.5%
1995-96Chris Osgood
90.5%
2016-17Devan Dubnyk
90.3%
2012-13Evgeni Nabokov
89.5%
1981-82Billy Smith
88.6%
2009-10Evgeni Nabokov
88.5%
2008-09Evgeni Nabokov
88.5%
2007-08Evgeni Nabokov
88.5%
2001-02Evgeni Nabokov
88.5%
1974-75Gary Smith
88.5%
2012-13Braden Holtby
88.2%
2012-13Antti Niemi
88.1%
2003-04Ed Belfour
88%
2002-03Ed Belfour
88%
1998-99Ed Belfour
88%
Year Goalie % Correct
1997-98Ed Belfour
88%
1994-95Ed Belfour
88%
1993-94Ed Belfour
88%
1992-93Ed Belfour
88%
1990-91Ed Belfour
88%
2013-14Ben Bishop
87.9%
2015-16Martin Jones
87.6%
2013-14Antti Niemi
87.3%
2016-17Cam Talbot
86.9%
2013-14Semyon Varlamov
86.4%
2005-06Marty Turco
85.7%
2003-04Marty Turco
85.7%
2014-15Jaroslav Halak
84.9%
2012-13Niklas Backstrom
84.2%
2002-03Curtis Joseph
81.5%
1999-00Curtis Joseph
81.5%
1998-99Curtis Joseph
81.5%
1994-95Curtis Joseph
81.5%
1993-94Curtis Joseph
81.5%
2000-01Olaf Kolzig
81.4%
1999-00Olaf Kolzig
81.4%
1997-98Olaf Kolzig
81.4%
1996-97Grant Fuhr
81.4%
1987-88Grant Fuhr
81.4%
1985-86Grant Fuhr
81.4%
1983-84Grant Fuhr
81.4%
1981-82Grant Fuhr
81.4%
2008-09Niklas Backstrom
80.5%
2009-10Ilya Bryzgalov
79.3%
1996-97Mike Richter
79%
1993-94Mike Richter
79%
1988-89Ron Hextall
75.6%
1987-88Ron Hextall
75.6%
1986-87Ron Hextall
75.6%
1992-93Tom Barrasso
75.2%
1990-91Tom Barrasso
75.2%
1987-88Tom Barrasso
75.2%
1985-86Tom Barrasso
75.2%
1994-95Mike Vernon
74.9%
1990-91Mike Vernon
74.9%
1988-89Mike Vernon
74.9%
1987-88Mike Vernon
74.9%
1986-87Mike Vernon
74.9%
2003-04Jose Theodore
74.1%
1978-79Ken Dryden
67.4%
1977-78Ken Dryden
67.4%
1976-77Ken Dryden
67.4%
1975-76Ken Dryden
67.4%
1974-75Ken Dryden
67.4%
1972-73Ken Dryden
67.4%
1971-72Ken Dryden
67.4%
1980-81Tony Esposito
66.9%
1979-80Tony Esposito
66.9%
1975-76Tony Esposito
66.9%
1974-75Tony Esposito
66.9%
1973-74Tony Esposito
66.9%
1972-73Tony Esposito
66.9%
1971-72Tony Esposito
66.9%
1970-71Tony Esposito
66.9%
1969-70Tony Esposito
66.9%
2003-04Tomas Vokoun
65.2%
2000-01Arturs Irbe
65.1%
1999-00Arturs Irbe
65.1%
1993-94Felix Potvin
62.8%
1992-93Andy Moog
62.8%
1991-92Andy Moog
62.8%
1989-90Andy Moog
62.8%
1986-87Andy Moog
62.8%
1982-83Andy Moog
62.8%
2002-03Patrick Lalime
62%
1995-96Jim Carey
61.9%
1988-89John Vanbiesbrouck
61.7%
1987-88John Vanbiesbrouck
61.7%
1985-86John Vanbiesbrouck
61.7%
2002-03Jean-Sebastien Giguere
60.3%
1977-78Bernie Parent
58.1%
1976-77Bernie Parent
58.1%
1974-75Bernie Parent
58.1%
1973-74Bernie Parent
58.1%
1995-96Bill Ranford
57.2%
1990-91Bill Ranford
57.2%
1989-90Bill Ranford
57.2%
1998-99Nikolai Khabibulin
55.8%
2003-04Dan Cloutier
53.5%
2005-06Manny Legace
53.2%
1991-92Kirk McLean
53.1%
1970-71Jacques Plante
50.8%
1976-77Gerry Cheevers
49.8%
1971-72Gerry Cheevers
49.8%
Year Goalie % Correct
1970-71Gerry Cheevers
49.8%
1969-70Gerry Cheevers
49.8%
1968-69Gerry Cheevers
49.8%
1967-68Gerry Cheevers
49.8%
1999-00Roman Turek
49.3%
1984-85Pelle Lindbergh
47.8%
2001-02Byron Dafoe
46%
1998-99Byron Dafoe
46%
1988-89Kelly Hrudey
45.2%
1987-88Mike Liut
45.1%
1986-87Mike Liut
45.1%
1981-82Mike Liut
45.1%
1980-81Mike Liut
45.1%
1979-80Mike Liut
45.1%
1980-81Rogie Vachon
45.1%
1977-78Rogie Vachon
45.1%
1976-77Rogie Vachon
45.1%
1974-75Rogie Vachon
45.1%
1973-74Rogie Vachon
45.1%
1969-70Rogie Vachon
45.1%
1968-69Rogie Vachon
45.1%
1967-68Rogie Vachon
45.1%
2005-06Martin Gerber
45%
1983-84Pete Peeters
45%
1982-83Pete Peeters
45%
1979-80Pete Peeters
45%
1989-90Jon Casey
41.5%
2001-02Brent Johnson
40.3%
1992-93Tim Cheveldae
40.2%
1991-92Tim Cheveldae
40.2%
1990-91Tim Cheveldae
40.2%
1992-93Bob Essensa
39.9%
1994-95Ken Wregget
38.3%
1973-74Ed Giacomin
36%
1972-73Ed Giacomin
36%
1971-72Ed Giacomin
36%
1970-71Ed Giacomin
36%
1969-70Ed Giacomin
36%
1968-69Ed Giacomin
36%
1967-68Ed Giacomin
36%
1994-95Trevor Kidd
35.8%
1991-92Don Beaupre
34.9%
1989-90Daren Puppa
32.4%
1978-79Glenn Resch
30.1%
1985-86Reggie Lemelin
27.8%
1984-85Reggie Lemelin
27.8%
1981-82Don Edwards
25.6%
1979-80Don Edwards
25.6%
1978-79Don Edwards
25.6%
1977-78Don Edwards
25.6%
1972-73Roy Edwards
25.6%
1969-70Roy Edwards
25.6%
1978-79Mike Palmateer
22.7%
1977-78Mike Palmateer
22.7%
1983-84Dan Bouchard
21.9%
1981-82Dan Bouchard
21.9%
1978-79Dan Bouchard
21.9%
1985-86Bob Froese
19.6%
1983-84Bob Froese
19.6%
1972-73Eddie Johnston
18.7%
1971-72Eddie Johnston
18.7%
1970-71Eddie Johnston
18.7%
1984-85Murray Bannerman
18.2%
1982-83Murray Bannerman
18.2%
1981-82Gilles Meloche
18.1%
1979-80Gilles Meloche
18.1%
1975-76Gilles Gilbert
18.1%
1973-74Gilles Gilbert
18.1%
1983-84Glen Hanlon
17.8%
1982-83Bob Sauve
17.8%
1990-91Vincent Riendeau
16.8%
1982-83Rick Wamsley
16.6%
1975-76Wayne Stephenson
16.6%
1982-83Roland Melanson
16%
1967-68Cesare Maniago
15.7%
1980-81Greg Millen
15.7%
1994-95Blaine Lacher
15.4%
1984-85Brian Hayward
15.2%
1980-81Mario Lessard
12.3%
1984-85Pat Riggin
12.1%
1986-87Alain Chevrier
11.8%
1976-77Gerry Desjardins
10.1%
1975-76Gerry Desjardins
10.1%
1971-72Gilles Villemure
9.8%
1968-69Bruce Gamble
8.8%
1968-69Denis DeJordy
7.9%
1967-68Denis DeJordy
7.9%

You're not logged in!

Compare scores with friends on all Sporcle quizzes.
OR
Log In

You Might Also Like...

Show Comments

Extras

Curator's Pick Mar 28, 2012ReportNominate
Tags:Hockey Quiz, NHL Quiz, Goalies Post-1967

Top Quizzes Today


Score Distribution

Your Account Isn't Verified!

In order to create a playlist on Sporcle, you need to verify the email address you used during registration. Go to your Sporcle Settings to finish the process.

Report this User

Report this user for behavior that violates our Community Guidelines.

Details: